| Tag |
First Indicator |
Second Indicator |
Subfields |
| LEADER |
00000cam a2200000Ia 4500 |
| 001 |
in00002425983 |
| 005 |
20190327171448.0 |
| 006 |
m d |
| 007 |
cr cn||||||||| |
| 008 |
070802s2006 ne ac sb 001 0 eng d |
| 020 |
|
|
|a 9780123705990
|
| 020 |
|
|
|a 0123705991
|
| 035 |
|
|
|a (OCoLC)ocn162131389
|
| 035 |
|
|
|a (OCoLC)162131389
|
| 037 |
|
|
|a 132301:132409
|b Elsevier Science & Technology
|n http://www.sciencedirect.com
|
| 040 |
|
|
|a OPELS
|c OPELS
|d UtOrBLW
|
| 049 |
|
|
|a TEFA
|
| 050 |
1 |
4 |
|a RM301.25
|b .K46 2006eb
|
| 060 |
1 |
4 |
|a 2007 B-068
|
| 060 |
1 |
4 |
|a QV 38
|b K33pg 2006
|
| 082 |
0 |
4 |
|a 615.1
|2 22
|
| 100 |
1 |
|
|a Kenakin, Terrence P.
|
| 245 |
1 |
2 |
|a A pharmacology primer :
|b theory, applications, and methods /
|c Terry Kenakin.
|
| 250 |
|
|
|a 2nd ed.
|
| 264 |
|
1 |
|a Amsterdam ;
|a Boston :
|b Elsevier Academic Press,
|c [2006]
|
| 264 |
|
4 |
|c ©2006
|
| 300 |
|
|
|a xviii, 299 pages :
|b illustrations (some color), portraits ;
|c 28 cm.
|
| 336 |
|
|
|a text
|b txt
|2 rdacontent
|
| 337 |
|
|
|a computer
|b c
|2 rdamedia
|
| 338 |
|
|
|a online resource
|b cr
|2 rdacarrier
|
| 533 |
|
|
|a Electronic reproduction.
|b Amsterdam :
|c Elsevier Science & Technology,
|d 2007.
|n Mode of access: World Wide Web.
|n System requirements: Web browser.
|n Title from title screen (viewed on July 25, 2007).
|n Access may be restricted to users at subscribing institutions.
|
| 520 |
|
|
|a The Second Edition will continue this tradition of better preparing researchers in the basics of pharmacology. In addition, new human interest material including historical facts in pharmacology will be added. A new section on therapeutics will help readers identify with diseases and drug treatments. *Over 30 new figures and tables *More human interest information to provide readers with historical facts on pharmacology research *New section on therapeutics to help identify diseaes and drug treatments *New section on new biological concepts relevant to pharmacological research (i.e., systems biology) *New study sections organized with ASPET and other international pharmacology organizations *New coverage of pharmacokinetics and drug disposition.
|
| 505 |
0 |
|
|a What is Pharmacology? -- How Different Tissues Process Drug Response -- Drug Receptor Theory -- Pharmacological Assay Formats: Binding -- Agonists: The Measurement of Affinity and Efficacy in Functional Assays -- Orthosteric Drug Antagonism -- Allosteric Drug Antagonism -- The Process of Drug Discovery -- Target- and System-based Strategies for Drug Discovery -- Hit to Drug: Lead Optimization -- Statistics and Experimental Design -- Selected Pharmacological Methods -- Glossary of Pharmacological Terms -- Appendices: -- Statistical Tables -- Mathematical Fitting Functions.
|
| 504 |
|
|
|a Includes bibliographical references and index.
|
| 500 |
|
|
|a Electronic resource.
|
| 650 |
1 |
2 |
|a Receptors, Drug
|x physiology.
|
| 650 |
2 |
2 |
|a Dose-Response Relationship, Drug.
|
| 650 |
2 |
2 |
|a Pharmacology
|x methods.
|
| 650 |
|
0 |
|a Pharmacology.
|
| 650 |
|
0 |
|a Drugs.
|
| 650 |
|
0 |
|a Chemicals
|x Physiological effect.
|
| 650 |
|
6 |
|a Pharmacologie.
|
| 650 |
|
6 |
|a Médicaments.
|
| 650 |
|
6 |
|a Produits chimiques
|x Effets physiologiques.
|
| 655 |
|
7 |
|a Electronic books.
|2 local
|
| 776 |
1 |
|
|c Original
|z 0123705991
|z 9780123705990
|w (OCoLC)84900243
|
| 710 |
2 |
|
|a ScienceDirect (Online service)
|
| 856 |
4 |
0 |
|u http://proxy.library.tamu.edu/login?url=http://www.sciencedirect.com/science/book/9780123705990
|z Connect to the full text of this electronic book
|t 0
|
| 994 |
|
|
|a C0
|b TEF
|
| 999 |
|
|
|a MARS
|
| 999 |
f |
f |
|s fc365fbb-2bab-31d8-a9c5-aa4c50d9fe54
|i c2736394-a1bd-3c73-a58f-02f6eecaf0bc
|t 0
|
| 952 |
f |
f |
|a Texas A&M University
|b College Station
|c Electronic Resources
|d Available Online
|t 0
|e RM301.25 .K46 2006eb
|h Library of Congress classification
|
| 998 |
f |
f |
|a RM301.25 .K46 2006eb
|t 0
|l Available Online
|